000 01382nam a2200361 a 4500
001 vtls001284174
003 NLI
005 20210627044424.0
008 120417s1950 ii 000 0 hin
020 _cRs. 6.50
039 9 _y201204171917
_zVLOAD
040 _aNLI
_bhineng
_cDatasoft_Hindi_S
_eAACR2
041 0 _ahin
044 _a ii
082 0 4 _a 181.49
100 1 _6880-01
_aदेवराज , न. कि.,
_cडाँ.
_9678056
245 1 0 _6880-02
_aभारतीय दर्शन शास्त्र का इतिहास /
_cन. कि. देराज एवं रामानन्द तिवारी
250 _a2nd ed.
260 _aइलाहाबाद :
_bहिन्दुस्तानी एकेडमी,
_c1950
300 _a532 p. ;
_c19 cm.
500 _aLibrary has 2 cops.
650 0 _aVedanta
650 0 _aPhilosophy, Hindu
700 1 _6880-03
_aतिवारी, रामानन्द,
_4सह.लेख
_9676448
880 1 _6100-01 (B
_aDevarāja, N. K.,
_cDr
880 1 0 _6245-02 (B
_aBhāratīya darśana śāstra kā itihāsa /
_cN. K. Devarāja evaṁ Rāmānanda Tivārī
880 _6700-03 (B
_aTivārī, Rāmānanda
_4jt.aut
887 _a
901 _a14049
_b21.02.1963
902 _aH 181.49 D 928
949 _AVIRTUAITEM
_D10000
_X100
_6DBA000014049HIN
942 _2ddc
_cBKS
999 _aVIRTUA40
_c602020
_d602020